| 000 | 00327nam a22001337a 4500 | ||
|---|---|---|---|
| 040 | _cFIZZA ISHAQ | ||
| 082 |
_a624.1536 _bGOP |
||
| 100 |
_aRAS, RANJAN GOPAL. _986180 |
||
| 245 |
_aBASIC AND APPLIED SOIL / _cGOPAL RANJAN RAS. |
||
| 250 | _a3rd ED. | ||
| 260 |
_aNEW DEHLI : _c1991. |
||
| 300 | _a752 P. ; | ||
| 942 |
_2ddc _cBK |
||
| 999 |
_c587252 _d587252 |
||